Muž chce se prát medium beat /

Main Author: Hodan, Jiří, 1947-1973
Other Authors: Šprongl, Jaroslav, 1945-2022, Clar, Vít, 1936-2010, Kraus, Ronald, 1927-1996, Krotil, Zdeněk, 1926-1984
Language: Czech
Published: Praha : Panton, 1974
Edition: 1. vyd.
Series: Pop serie Panton
Physical Description: 5 hlasů
Musical Score Musical Score
Saved in:
LEADER 01173ncm a22003132a 4500
001 001104389
003 CZ BrMZK
005 20140219111629.0
007 qu
008 021022s1974 xr f cze d
015 |a cnb001940120 
040 |a BOA001  |b cze 
072 7 |a 784  |x Vokální hudba  |2 Konspekt  |9 9 
100 1 |a Hodan, Jiří,  |d 1947-1973  |7 mzk2014808624  |4 cmp 
245 1 0 |a Muž chce se prát  |h [hudebnina] :  |b medium beat /  |c Jiří Hodan ; slova Jaroslav Šprongl. Kdyby všechny řeky světa : slow beat / Vít Clar ; slova Ronald Kraus ; arrang. Zdeněk Krotil 
250 |a 1. vyd. 
260 |a Praha :  |b Panton,  |c 1974 
300 |a 5 hlasů 
490 1 |a Pop serie Panton ;  |v 17. 
700 1 |a Šprongl, Jaroslav,  |d 1945-2022  |7 jk01130945  |4 lyr 
700 1 |a Clar, Vít,  |d 1936-2010  |7 xx0007166  |4 cmp 
700 1 |a Kraus, Ronald,  |d 1927-1996  |7 xx0007380  |4 lyr 
700 1 |a Krotil, Zdeněk,  |d 1926-1984  |7 jk01063455  |4 arr 
740 0 2 |a Kdyby všechny řeky světa 
830 0 |a Pop serie Panton 
910 |a BOA001  |b Mus3-0723.629 
990 |a MU 
991 |b 201007 
996 6 |b 2619456068  |c Mus3-0723.629  |l MZK  |r Sklad / do 1 hodiny  |n 0  |w 001131201  |u 000010  |a 1  |e BOA001  |j MZK50  |s P